• 首页
  • 本馆介绍
  • 公告通知
  • 最新文献
  • 馆藏检索
  • 电子资源
  • 读者导购
  • 参考咨询
  • 我的图书馆
  • 登录
  • 详细信息显示
  • 放入我的书架
  • 预约/预借图书
  • 作者相关作品
  • 分类相关作品
  • 丛书相关作品
  • 出版社相关作品

书目信息

  • 表格格式
  • 工作单格式
  • 卡片格式
题名:
正射投影技术
    
 
作者: 张祖勋 编
分册:  
出版信息: 北京   测绘出版社  1981
页数: 85页
开本: 19cm
丛书名: 测绘新技术小丛书
单 册:
中图分类: P282.1
科图分类:
主题词: 地图投影
电子资源:
ISBN:
000 00628nam2 2200241 45
001 0181010406
005 20060731163836.53
010    @dCNY0.31
091    @a15039.新171
100    @a19960215d1981 em y0chiy0121 ea
101 0  @achi
102    @aCN@b110000
105    @ay z 000yy
200 10 @a正射投影技术@Azheng she tou ying ji shu@f张祖勋编
210    @a北京@c测绘出版社@d1981
215    @a85页@d19cm
225 2  @a测绘新技术小丛书
410  0 @120010@a测绘新技术小丛书
606    @a地图投影
690    @aP282.1@v3
701  0 @a张祖勋@Azhang zu xun@4编
801  0 @aCN@bTSSF@c20060731
905    @a10447@dP282.1@e113
    
    正射投影技术/张祖勋编.-北京:测绘出版社,1981
    85页;19cm.-(测绘新技术小丛书)
    
    
    ISBN :CNY0.31
    
●
相关链接 在E读中查询图书 在五车中查询图书 在当当中查询图书 在豆瓣中查询图书


正题名:正射投影技术     索取号:P282.1/113         预约/预借

序号 登录号 条形码 馆藏地/架位号 状态 备注
1 0439203   204392031   密集书库/ [索取号:P282.1/113] 在馆    
2 0439204   204392040   密集书库/ [索取号:P282.1/113] 在馆    
3 0439205   204392059   密集书库/ [索取号:P282.1/113] 在馆    
唐山师范学院图书馆 欢迎您!
大连网信软件有限公司© 版权所有